| 000 | 00339nam a2200121Ia 4500 | ||
|---|---|---|---|
| 008 | 220204s9999 xx 000 0 und d | ||
| 082 |
_aNR:63(063) _bRUB |
||
| 245 | 0 | _aRubber karshakarum noothana chinthakalum (Malayalam) | |
| 260 |
_aKottayam _bRubber Board _c2010 |
||
| 650 | _aGreen budding | ||
| 650 | _aRoot trainer plants | ||
| 942 | _cBK | ||
| 999 |
_c44409 _d44409 |
||